Un aporte decisivo: Red Nacional de Información sobre Mujer y Desarrollo /
محفوظ في:
| المؤلف الرئيسي: | |
|---|---|
| التنسيق: | نص |
| الوسوم: |
إضافة وسم
لا توجد وسوم, كن أول من يضع وسما على هذه التسجيلة!
|
MARC
| LEADER | 00000 a a2200000 04500 | ||
|---|---|---|---|
| 001 | 1378 | ||
| 003 | |||
| 040 | |||
| 100 | |a Soley, Rosa María | ||
| 245 | |a Un aporte decisivo: |b Red Nacional de Información sobre Mujer y Desarrollo / |c Rosa María Soley | ||
| 773 | |g número 61; páginas 20-23 | ||
| 999 | |c 28783 |d 28783 | ||
